000 01626nam a2200265Ia 4500
008 220216s9999 xx 000 0 und d
100 _aSamsuri Azemi
245 0 _aCyclic crack growth measurement using split-tear test-piece
260 _bJournal of Rubber Research
_c2004
300 _a115-126
520 _aA cyclic crack growth machine using the split-tear test-piece was developed to avoid forking at the tip of the tear normally encountered with the conventional test-pieces especially those prepared from black-filled vulcanisates. A small strain was applied in simple extension and cyclic stressing was applied in the transverse direction so that the crack grew in the direction of the applied strain. The experimental results agreed with those results published by Lake et al. when cyclic crack growth rate (dc/dN) was plotted against tearing energy. Thus the experimental results provided further experimental evidence that tearing energy was a measure of true crack growth resistance independent of test-piece geometry. It was found also that there was no problem of forking for both unfilled and black-filled vulcanisates. By applying different strains, the effect of anisotropy was investigated. It was found that the tearing energy decreased as the applied strain was increased.
650 _aAnisotropy
650 _aBlack-filled
650 _aCrack growth
650 _aCyclic
650 _aResistance
650 _aSplit
650 _aStrain
650 _aTear
650 _aTest-piece
650 _aUnfilled
650 _aVulcanisates
700 _aPiah Mohd Bijarimi Mat
942 _cJS
999 _c56690
_d56690